L'Alt Camp : anàlisi d'una economia equilibrada / Josep Martí i Gil, Josep Vilanova i Puigbò, Neus Pons i Pena ; pròleg de Romà Perpinyà i Grau anàlisi d'una economia equilibrada / Josep Martí i Gil, Josep Vilanova i Puigbò, Neus Pons i Pena ; pròleg de Romà Perpinyà i Grau
Descripción Física:
XIV, 252 p. : amb map. ; 24 cm
Materias:
Alt Camp -- Condicions econòmiques
MARC
| LEADER | 00000nam a2200000Ia 4500 | ||
|---|---|---|---|
| 001 | 8040 | ||
| 008 | 160829s1988 xx 000 0 cat d | ||
| 080 | |a M-2-24 | ||
| 100 | |a Martí i Gil, Josep |9 35745 | ||
| 245 | |a L'Alt Camp : |b anàlisi d'una economia equilibrada / Josep Martí i Gil, Josep Vilanova i Puigbò, Neus Pons i Pena ; pròleg de Romà Perpinyà i Grau | ||
| 260 | |a Barcelona : |b Caixa d'Estalvis de Catalunya, |c 1988 | ||
| 300 | |a XIV, 252 p. : |b amb map. ; |c 24 cm | ||
| 650 | |a Alt Camp |x Condicions econòmiques |9 35746 | ||
| 700 | |a Vilanova i Puigbò, Josep |9 35747 | ||
| 700 | |a Pons i Pena, Neus |9 35748 | ||
| 700 | |a Perpinyà i Grau, Romà |e pròleg |9 32576 | ||
| 901 | |a Arxiu | ||
| 942 | |n 1 |2 udc | ||
| 952 | |0 0 |1 0 |4 0 |6 M224 |7 1 |9 47047 |a Arxiu |b Arxiu |d 2016-12-01 |l 0 |o M-2-24 |p 8040 |r 2016-12-01 00:00:00 |w 2016-12-01 |y ARXIU | ||
| 999 | |c 50840 |d 50840 | ||